Sólo prenda una vela / (Record no. 33353)
[ view plain ]
| 000 -CABECERA | |
|---|---|
| campo de control de longitud fija | 00446nam a2200157 a 4500 |
| 001 - NÚMERO DE CONTROL | |
| campo de control | 000033862 |
| 005 - FECHA Y HORA DE LA ÚLTIMA TRANSACCIÓN | |
| campo de control | 20200930070559.0 |
| 008 - DATOS DE LONGITUD FIJA--INFORMACIÓN GENERAL | |
| campo de control de longitud fija | 110913s2001 br 000 0 spa d |
| 020 ## - NÚMERO INTERNACIONAL ESTÁNDAR DEL LIBRO | |
| Número Internacional Estándar del Libro | 0738700657 |
| 040 ## - FUENTE DE LA CATALOGACIÓN | |
| Centro catalogador/agencia de origen | DO-SdBNP |
| 100 1# - ENTRADA PRINCIPAL--NOMBRE DE PERSONA | |
| Nombre de persona | Silva, Carolina da |
| 9 (RLIN) | 59283 |
| 245 10 - MENCIÓN DE TÍTULO | |
| Título | Sólo prenda una vela / |
| Mención de responsabilidad, etc. | Carolina da Silva. |
| 246 14 - FORMA VARIANTE DE TÍTULO | |
| Título propio/Titulo breve | Magia, leyendas y tradiciones |
| 260 ## - PUBLICACIÓN, DISTRIBUCIÓN, ETC. | |
| Fecha de publicación, distribución, etc. | St. Paul, Minn : |
| Nombre del editor, distribuidor, etc. | Llewellyn Español. |
| 300 ## - DESCRIPCIÓN FÍSICA | |
| Extensión | 179 p. ; |
| Dimensiones | 21 cm. |
| Estado de retiro | Estado de pérdida | Restricciones de uso | No para préstamo | Código de colección | Localización permanente | Ubicación/localización actual | Ubicación en estantería | Fecha de adquisición | Número de inventario | Total de préstamos | Signatura topográfica completa | Código de barras | Fecha visto por última vez | Precio válido a partir de | Tipo de ítem Koha |
|---|---|---|---|---|---|---|---|---|---|---|---|---|---|---|---|
| Monografías: Libros y Folletos | General | General | Orden iniciada | 13.09.2011 | LF1 | 33862-10 | 25.06.2020 | 25.06.2020 | No se presta |
